|
|
|
|
| LEADER |
00000nab#a22000007a#4500 |
| 001 |
arbauad046277 |
| 003 |
AR-BaUAD |
| 005 |
20250711113546.0 |
| 008 |
000901|||||||||###||||||b###|0###a|spa|| |
| 040 |
|
|
|a AR-BaUAD
|c AR-BaUAD
|b spa
|
| 100 |
|
|
|a Stephens, Chuck
|
| 245 |
|
|
|a Black like me /
|c Chuck Stephens;
|
| 300 |
0 |
|
|b p. 86-89, 118: fot.
|
| 653 |
|
|
|a CINE
|
| 653 |
|
|
|a DIRECTORES DE CINE
|
| 653 |
|
|
|a TOBACK, JAMES
|
| 653 |
|
|
|a ESTADOS UNIDOS
|
| 653 |
|
|
|a GUIONISTAS
|
| 653 |
|
|
|a GUION
|
| 773 |
0 |
|
|t FILMMAKER
|g Nº3 [mar.-jun. 2000]
|
| 942 |
|
|
|c ARTI
|
| 952 |
|
|
|0 0
|1 0
|4 0
|7 0
|9 91196
|a AR-BAuAD
|b AR-BAuAD
|d 2025-07-11
|l 0
|p AAQA046277
|r 2025-07-11 11:35:46
|w 2025-07-11
|y ARTI
|
| 990 |
|
|
|a C200
|b TD
|
| 998 |
|
|
|a AAQ
|b BIBUN76
|
| 999 |
|
|
|c 70869
|d 70869
|